Comentarios a la década de Fujimori: la política y el mal /
Salvato in:
| Autore principale: | |
|---|---|
| Natura: | testo |
| Tags: |
Aggiungi Tag
Nessun Tag, puoi essere il primo ad aggiungerne!!
|
MARC
| LEADER | 00000 a a2200000 04500 | ||
|---|---|---|---|
| 001 | 8993 | ||
| 003 | |||
| 040 | |||
| 100 | |a Fallan Carrillo, Ricardo Lenin | ||
| 245 | |a Comentarios a la década de Fujimori: |b la política y el mal / |c Ricardo Lenin Fallan Carrillo | ||
| 773 | |g número 190; páginas 31-40 | ||
| 999 | |c 36969 |d 36969 | ||
